The long wave in economic life

Đã lưu trong:
书目详细资料
主要作者: Duijn, J. J. Van
格式: 图书
语言:Undetermined
出版: London George Allen & Unwin 1983
主题:
标签: 添加标签
没有标签, 成为第一个标记此记录!
Thư viện lưu trữ: Trung tâm Học liệu Trường Đại học Cần Thơ
LEADER 00498nam a2200181Ia 4500
001 CTU_218544
008 210402s9999 xx 000 0 und d
082 |a 338.542 
082 |b D873 
100 |a Duijn, J. J. Van 
245 4 |a The long wave in economic life 
245 0 |c J. J. Van Duijn 
260 |a London 
260 |b George Allen & Unwin 
260 |c 1983 
650 |a Business cycles,Chu kì kinh doanh 
904 |i Trúc 
980 |a Trung tâm Học liệu Trường Đại học Cần Thơ